000 00554nam a2200217Ia 4500
001 1440
003 GE_BSU
008 181216s||||||||xx |||||||||||||| ||und||
020 _a9789668132971
040 _cGE_BSU
080 _a611(07)
100 _aZADNIPRYANY., V. IGOR.
245 _aHuman Anatomy.SPLANCHNOLOGY.THE Structure OF THE HUMAN BODY.
245 _bStructure, Development, Clinical Importance, Function.
260 _aSIMFEROPOL.
260 _c2008.
300 _a232 c.
541 _h180 G.
653 _aHuman Anatomy.
942 _cBK
999 _c35578
_d35578